| 000 | 01361cad a22002055a 4500 | ||
|---|---|---|---|
| 001 | L138158 | ||
| 008 | 070521s2007 xxk f w f000 0 eng d | ||
| 035 | _a(Sirsi) u138158 | ||
| 041 | 0 | _aeng | |
| 245 | 0 | 0 |
_aStack V Dowden _h[electronic resource] |
| 260 | _c2007 | ||
| 520 | _a[2007] UKHL 17, 25 April 2007. Appeal by S against decision that his beneficial shares in a property purchased with his then partner D could not reasonably be considered to be equal. It had been held that consideration should be given to the greater contribution by D to the purchase of the house, from her savings and the sale of her previous property. She had also contributed more towards the mortgage payments. "Held": Despite living together for many years and having children, D and S had kept their finances rigidly separate. It could not reasonably be assumed that they had intended their beneficial shares in the house to be equal, particularly given D's greater contributions to the purchase and mortgage. The appeal was dismissed. | ||
| 590 | _aKA | ||
| 650 | 2 | 4 | _aSTACK V DOWDEN |
| 650 | 2 | 4 | _aOXLEY V HISCOCK |
| 651 | 4 |
_aEngland and Wales _y1543- |
|
| 690 | _aPROPERTY-RESIDENTIAL PROPERTY | ||
| 856 | 4 | 0 |
_uhttps://www.publications.parliament.uk/pa/ld200607/ldjudgmt/jd070425/stack-1.htm _zView the item free of charge at www.publications.parliament.uk |
| 942 | _n0 | ||
| 999 |
_c78804 _d78804 |
||